000
00235 a2200085 4500
020
_a
9788125015345
100
_a
William F. Hornby and Melvyn Jones
245
_a
An Introduction to Settlement Geography
260
_b
Cambridge University
_c
1991
999
_c
13197
_d
13197